Kraven the Hunter Quiz (SPOILERS) - Statistics

General Stats
  • This quiz has been taken 9 times
  • The average score is 2 of 7
Answer Stats
Actor Role % Correct
Aaron Taylor-Johnson Sergei Kravinoff/Kraven the Hunter
100%
Ariana DeBose Calypso Ezili
50%
Fred Hechinger Dmitri Kravinoff
50%
Russell Crowe Nikolai Kravinoff
38%
Alessandro Nivola Aleksei Sytsevich/Rhino
0%
Tom Reed Bert
0%
Christopher Abbott The Foreigner
0%
No matching quizzes found
Score Distribution
Percent of People with Each Score
Percentile by Number Answered
Your Score History
You have not taken this quiz